Life and Labour in the Nineteenth Century (Record no. 194175)
[ view plain ]
| 000 -LEADER | |
|---|---|
| fixed length control field | 00498 a2200157 4500 |
| 003 - CONTROL NUMBER IDENTIFIER | |
| control field | Nust |
| 005 - DATE AND TIME OF LATEST TRANSACTION | |
| control field | 20170207154118.0 |
| 040 ## - CATALOGING SOURCE | |
| Transcribing agency | Nust |
| 082 ## - DEWEY DECIMAL CLASSIFICATION NUMBER | |
| Classification number | 577 |
| 100 ## - MAIN ENTRY--PERSONAL NAME | |
| Personal name | C.R.Fay |
| 245 ## - TITLE STATEMENT | |
| Title | Life and Labour in the Nineteenth Century |
| Statement of responsibility, etc. | C.R.Fay |
| 260 ## - PUBLICATION, DISTRIBUTION, ETC. | |
| Place of publication, distribution, etc. | Cambridge |
| Name of publisher, distributor, etc. | At the university press |
| Date of publication, distribution, etc. | 1945 |
| 300 ## - PHYSICAL DESCRIPTION | |
| Extent | 308p; |
| 505 ## - FORMATTED CONTENTS NOTE | |
| Formatted contents note | PART-1: The International Background 1815-1830 (Page-3) PART-2: The Political Background from 1830 to the Present Day (Page-11) |
| 538 ## - SYSTEM DETAILS NOTE | |
| System details note | Almirah No 18. Shelf No.6 |
| 942 ## - ADDED ENTRY ELEMENTS (KOHA) | |
| Source of classification or shelving scheme | |
| Koha item type | Book |
| Withdrawn status | Lost status | Source of classification or shelving scheme | Damaged status | Not for loan | Collection code | Permanent Location | Current Location | Date acquired | Total Checkouts | Full call number | Barcode | Date last seen | Price effective from | Koha item type |
|---|---|---|---|---|---|---|---|---|---|---|---|---|---|---|
| Military College of Signals (MCS) | Military College of Signals (MCS) | 12/12/2016 | 577 FAY | MCS30002 | 12/08/2016 | 12/12/2016 | Book |
